000 00559nam a2200229Ia 4500
003 OSt
005 20220918174335.0
006 a|||||r|||| 00| 0
007 ta
008 220917b |||||||| |||| 00| 0 eng d
024 _a11,664
037 _cTextual
040 _aARTS
_cARTS
_beng
041 _2eng
_aeng
082 _a/\:36, [M1]
245 0 _aArt of meditation
260 _aMadras
_bChinmaya Pub Trust
_c1981
300 _avii,48p.
_ccm.
650 _aSPIRITUALISM
942 _h/\:36, [M1]
_cTEXL
_2CC
999 _c152752
_d152752